000 004530000a22001810004500
003 LK-CoMWRAF
008 230817t ||||| |||| 00| 0 eng d
040 _aLK-CoMWRAF
_dLK-CoMWRAF
_eLK-CoMWRAF
041 _aeng
082 _a156
_bMUS
100 _aMustafa, M.R.M.Mohammad
245 _aAmaithikku Oor Udhuban (Rali)
_b(Moonram Kalieba)
260 _bUniversal
_aIndia
_c2004
300 _ap.160
490 _aVol.03
650 _aIslam
942 _cBK
999 _c995
_d995